[Event "Albena BUL, Team Ch 2011 GrA Women"]
[Site "Albena BUL"]
[Date "2011.06.06"]
[Round "5.2"]
[White "Janeva, Mariya"]
[Black "Todorova, Kalina"]
[Result "1-0"]
[WhiteElo "2020"]
[BlackElo "1815"]
[PlyCount "137"]
[EventDate "2011.06.02"]
[EventType "team"]
[EventRounds "7"]
[EventCountry "BUL"]

1. e4 c5 2. Nf3 e6 3. c3 d5 4. exd5 exd5 5. d4 Nf6 6. Bb5+ Bd7 7. Bxd7+ Nbxd7
8. O-O Be7 9. Re1 O-O 10. Nbd2 Bd6 11. dxc5 Nxc5 12. Nd4 Nd3 13. Re2 Qd7 14. h3
Nf4 15. Re3 Rae8 16. Nf1 Ne4 17. Rf3 Ng6 18. Nf5 Bc5 19. Be3 Ne5 20. Rf4 Bxe3
21. N1xe3 Ng6 22. Rf3 Nf6 23. Nh6+ Kh8 24. Nhg4 Nxg4 25. Nxg4 Ne5 26. Nxe5 Rxe5
27. Rd3 Rd8 28. Qf3 Qc7 29. Rad1 h6 30. Qg3 Qd6 31. c4 Qf6 32. cxd5 Rd6 33. Qf3
Rf5 34. Qe2 Re5 35. Qc2 Qe7 36. Kf1 Re4 37. Qc8+ Rd8 38. Qf5 Re5 39. Qf3 Rd6
40. Qg4 Rg5 41. Qf3 Re5 42. Qg4 Rg5 43. Qc8+ Rd8 44. d6 Qf6 45. Qxb7 Rf5 46. f3
a5 47. Qe4 Re5 48. Qd4 Qf5 49. Qb6 Rd7 50. Qb8+ Kh7 51. Qc8 Qe6 52. Qc2 f5 53.
Qb3 Qe8 54. Qa4 Qe6 55. Qb3 Qe8 56. Rd5 Re3 57. Qc2 Re5 58. Qc3 Re3 59. Qxa5
Qc8 60. Rc5 Qb8 61. Qd2 f4 62. Qc2+ g6 63. Rc7 Qb5+ 64. Kf2 Re6 65. Rxd7+ Qxd7
66. Qc7 Qxc7 67. dxc7 Rc6 68. Rd7+ Kg8 69. Rd8+ 1-0

[Event "Albena BUL, Team Ch 2011 GrA Women"]
[Site "Albena BUL"]
[Date "2011.06.06"]
[Round "5.3"]
[White "Voiska, Margarita"]
[Black "Raeva, Elitsa"]
[Result "1-0"]
[WhiteElo "2300"]
[BlackElo "2322"]
[PlyCount "93"]
[EventDate "2011.06.02"]
[EventType "team"]
[EventRounds "7"]
[EventCountry "BUL"]

1. d4 Nf6 2. Nf3 e6 3. e3 c5 4. c4 Be7 5. d5 exd5 6. cxd5 d6 7. Nc3 O-O 8. Be2
a6 9. a4 Re8 10. e4 Nbd7 11. O-O Nf8 12. Nd2 Ng6 13. Nc4 Bf8 14. Qc2 Ne5 15.
Nxe5 Rxe5 16. Bf4 Re8 17. Bg3 g6 18. f4 Bg7 19. e5 Bf5 20. Bd3 Ng4 21. Rae1
Bxd3 22. Qxd3 dxe5 23. f5 e4 24. Nxe4 Bd4+ 25. Kh1 Qxd5 26. h3 gxf5 27. Nc3 Qc6
28. hxg4 Qh6+ 29. Bh2 fxg4 30. Qg3 Qg6 31. Nd5 Kh8 32. Ne7 Qg5 33. Rxf7 Bf6 34.
Rxf6 Qxf6 35. Qe3 Rxe7 36. Qxe7 Qxe7 37. Rxe7 h5 38. Be5+ Kg8 39. Rxb7 Re8 40.
Rb8 Rxb8 41. Bxb8 Kf7 42. Ba7 c4 43. g3 Ke6 44. Kg2 Ke5 45. Kf2 Kf5 46. Ke3 Kg5
47. Kd4 1-0

[Event "Albena BUL, Team Ch 2011 GrA Women"]
[Site "Albena BUL"]
[Date "2011.06.06"]
[Round "5.3"]
[White "Djingarova, Emilia"]
[Black "Chilingirova, Pavlina"]
[Result "1-0"]
[WhiteElo "2348"]
[BlackElo "2126"]
[PlyCount "73"]
[EventDate "2011.06.02"]
[EventType "team"]
[EventRounds "7"]
[EventCountry "BUL"]

1. Nf3 d5 2. c4 c6 3. e3 Nf6 4. Nc3 e6 5. Qc2 Be7 6. b3 a5 7. Bb2 dxc4 8. bxc4
O-O 9. d4 c5 10. Rd1 cxd4 11. exd4 Qe8 12. Bd3 Na6 13. a3 Nc7 14. O-O Rb8 15.
Ne5 h6 16. Rfe1 Nd7 17. Qe2 Nxe5 18. Qxe5 Qd8 19. Nb5 Na6 20. Bc1 Bd7 21. d5
Bxb5 22. cxb5 Nc5 23. Bb1 Bd6 24. Qh5 Qc7 25. dxe6 Nxe6 26. Bxh6 Bxh2+ 27. Kh1
Rfd8 28. Rc1 Qd6 29. Be3 Bf4 30. Qh7+ Kf8 31. Bc5 Ke7 32. Bxd6+ Bxd6 33. Qh4+
Kd7 34. Qg4 Rh8+ 35. Kg1 Bh2+ 36. Kf1 Bd6 37. g3 1-0

[Event "Albena BUL, Team Ch 2011 GrA Women"]
[Site "Albena BUL"]
[Date "2011.06.06"]
[Round "5.3"]
[White "Yordanova, Svetla"]
[Black "Velcheva, Maria"]
[Result "1/2-1/2"]
[WhiteElo "2137"]
[BlackElo "2289"]
[PlyCount "66"]
[EventDate "2011.06.02"]
[EventType "team"]
[EventRounds "7"]
[EventCountry "BUL"]

1. e4 c5 2. c3 g6 3. Nf3 Bg7 4. Bc4 e6 5. Qe2 Ne7 6. d3 Nbc6 7. O-O O-O 8. Bb3
b6 9. Re1 h6 10. Nbd2 d5 11. Nf1 Ba6 12. Qd1 Qc7 13. exd5 Nxd5 14. Bxd5 exd5
15. Ne3 Rad8 16. d4 cxd4 17. cxd4 Qd7 18. a3 Rfe8 19. b4 Bc4 20. Bb2 b5 21. h3
h5 22. Qd2 Re7 23. Nc2 Rde8 24. Rxe7 Rxe7 25. Re1 Qe8 26. Rxe7 Qxe7 27. Qe3 Qe4
28. Nce1 Kf8 29. Nd2 Qxe3 30. fxe3 f5 31. g3 Ke7 32. Kf2 Bf6 33. Ng2 g5 1/2-1/2

[Event "Albena BUL, Team Ch 2011 GrA Women"]
[Site "Albena BUL"]
[Date "2011.06.06"]
[Round "5.3"]
[White "Olarasu, Gabriela"]
[Black "Genova, Ruzka"]
[Result "1-0"]
[WhiteElo "2266"]
[BlackElo "2204"]
[PlyCount "105"]
[EventDate "2011.06.02"]
[EventType "team"]
[EventRounds "7"]
[EventCountry "BUL"]

1. d4 Nf6 2. c4 e6 3. Nc3 Bb4 4. e3 O-O 5. Bd3 d5 6. Nf3 c5 7. O-O cxd4 8. exd4
Nc6 9. c5 Bxc3 10. bxc3 Ne7 11. Bg5 Ne4 12. Bxe7 Qxe7 13. Qc2 Nf6 14. Rab1 Qc7
15. c4 g6 16. cxd5 exd5 17. Ne5 Nh5 18. g3 Bh3 19. Rfe1 f6 20. Qb3 Rad8 21. Nf3
Rf7 22. Re3 Qd7 23. Rbe1 Nf4 24. Bb5 Qg4 25. Re8+ Rxe8 26. Rxe8+ Kg7 27. Ne1
Ne6 28. Qe3 Nc7 29. f3 Qh5 30. Rd8 Ne6 31. Rd6 Nc7 32. Bd3 Bd7 33. Ng2 Qg5 34.
Nf4 Bf5 35. Bf1 Bb1 36. a4 Ba2 37. Bh3 h5 38. Bc8 h4 39. Kg2 hxg3 40. hxg3 Kh7
41. Rd8 b6 42. Qe1 Qh6 43. cxb6 axb6 44. Qb4 Bc4 45. Qxb6 Bf1+ 46. Kxf1 Qh1+
47. Kf2 Re7 48. Rd7 Qe1+ 49. Kg2 Qd2+ 50. Kh3 Rxd7 51. Bxd7 Qe1 52. Qxf6 Ne8
53. Qxg6+ 1-0

[Event "Albena BUL, Team Ch 2011 GrA Women"]
[Site "Albena BUL"]
[Date "2011.06.06"]
[Round "5.4"]
[White "Baninska, Tanja"]
[Black "Zaiatz, Elena"]
[Result "1/2-1/2"]
[WhiteElo "2096"]
[BlackElo "2430"]
[PlyCount "49"]
[EventDate "2011.06.02"]
[EventType "team"]
[EventRounds "7"]
[EventCountry "BUL"]

1. e4 e5 2. d4 exd4 3. Qxd4 Nc6 4. Qe3 Nf6 5. Nc3 Bb4 6. Bd2 O-O 7. O-O-O Re8
8. Qg3 Nxe4 9. Nxe4 Rxe4 10. Bf4 Qf6 11. Nh3 d6 12. Bd3 Nd4 13. Bg5 Qe6 14. c3
Qxa2 15. cxd4 Rxd4 16. Bxh7+ Kxh7 17. Rxd4 Qa1+ 18. Kc2 Bf5+ 19. Kb3 Qxh1 20.
Rxb4 Qd1+ 21. Ka3 Qa1+ 22. Kb3 Qd1+ 23. Ka3 Qa1+ 24. Kb3 Qd1+ 25. Ka3 1/2-1/2

[Event "Albena BUL, Team Ch 2011 GrA Women"]
[Site "Albena BUL"]
[Date "2011.06.06"]
[Round "5.4"]
[White "Gocheva, Rumiana"]
[Black "Georgieva, Emilia"]
[Result "1-0"]
[WhiteElo "2141"]
[BlackElo "1966"]
[PlyCount "101"]
[EventDate "2011.06.02"]
[EventType "team"]
[EventRounds "7"]
[EventCountry "BUL"]

1. e4 c6 2. d4 d5 3. Nd2 dxe4 4. Nxe4 Bf5 5. Nc5 Qa5+ 6. c3 Qb6 7. Nf3 Nf6 8.
g3 Bg4 9. Nd3 Nbd7 10. Bg2 Bxf3 11. Bxf3 e6 12. O-O Be7 13. Re1 O-O 14. Qe2 a5
15. h4 a4 16. Kg2 Qc7 17. Bf4 Bd6 18. Bxd6 Qxd6 19. Ne5 Qc7 20. Rad1 Rae8 21.
Qc4 Nb6 22. Qd3 Re7 23. Rd2 Rd8 24. h5 h6 25. Bd1 c5 26. a3 c4 27. Qf3 Nh7 28.
Bc2 Ng5 29. Qd1 f6 30. f4 fxe5 31. fxg5 Qc6+ 32. Be4 Nd5 33. dxe5 hxg5 34. Rd4
Rf7 35. Qg4 Qb6 36. Re2 Rdf8 37. Bxd5 exd5 38. e6 Rf6 39. e7 Re8 40. Qd7 Qc6
41. Rxd5 Qxd7 42. Rxd7 b6 43. Kh3 Kf7 44. Kg4 Re6 45. Rxe6 Kxe6 46. Rb7 Rxe7
47. Rxe7+ Kxe7 48. Kxg5 b5 49. Kg6 Kf8 50. g4 Kg8 51. Kf5 1-0

[Event "Albena BUL, Team Ch 2011 GrA Women"]
[Site "Albena BUL"]
[Date "2011.06.07"]
[Round "6.1"]
[White "Ivanova, Simoneta"]
[Black "Zaiatz, Elena"]
[Result "0-1"]
[WhiteElo "1907"]
[BlackElo "2430"]
[PlyCount "127"]
[EventDate "2011.06.02"]
[EventType "team"]
[EventRounds "7"]
[EventCountry "BUL"]

1. d4 Nf6 2. c4 e6 3. Nc3 Bb4 4. e3 c5 5. Nf3 O-O 6. Bd3 d5 7. O-O Nc6 8. a3
Ba5 9. h3 Qe7 10. Qc2 dxc4 11. Bxc4 Rd8 12. Rd1 a6 13. dxc5 Qxc5 14. Rxd8+ Bxd8
15. Bd3 Bd7 16. b4 Qe7 17. Bb2 Rc8 18. Qe2 e5 19. Nd2 Be6 20. Na4 Nd7 21. Rc1
f5 22. Bc4 b5 23. Bxe6+ Qxe6 24. Nc5 Nxc5 25. Rxc5 Be7 26. Rc1 Rd8 27. Nf3 Bf6
28. Rd1 Rxd1+ 29. Qxd1 g6 30. Nd2 Qa2 31. Qc2 Kf7 32. Nb3 Be7 33. Nd2 a5 34.
bxa5 Nxa5 35. Qc3 Nc6 36. Qc2 Ke6 37. e4 fxe4 38. Nxe4 Qc4 39. Qb1 Nd4 40. Bxd4
exd4 41. Qe1 Kf7 42. Qd2 Kg7 43. Qf4 Qd5 44. f3 d3 45. Qc7 Kf7 46. Qc3 Qc4 47.
Qh8 Qc1+ 48. Kh2 Qf4+ 49. Kg1 Qh6 50. Qd4 Qc1+ 51. Kh2 Qc7+ 52. Kg1 Qc1+ 53.
Kh2 Qc4 54. Qh8 Qc7+ 55. Kh1 Qc1+ 56. Kh2 Qf4+ 57. Kh1 Bf6 58. Qc8 Be5 59. Qd7+
Kg8 60. Qd8+ Kg7 61. Qd7+ Kh6 62. Kg1 Qe3+ 63. Kf1 Qe2+ 64. Kg1 0-1

[Event "Albena BUL, Team Ch 2011 GrA Women"]
[Site "Albena BUL"]
[Date "2011.06.07"]
[Round "6.1"]
[White "Gocheva, Rumiana"]
[Black "Tsekova, Viktoria"]
[Result "1-0"]
[WhiteElo "2141"]
[BlackElo "1845"]
[PlyCount "142"]
[EventDate "2011.06.02"]
[EventType "team"]
[EventRounds "7"]
[EventCountry "BUL"]

1. e4 e6 2. d3 d5 3. Nd2 Nf6 4. Ngf3 c5 5. g3 Nc6 6. Bg2 Be7 7. O-O Qc7 8. Re1
b6 9. a3 h6 10. exd5 exd5 11. c4 Be6 12. Qa4 O-O 13. Nf1 dxc4 14. dxc4 Rad8 15.
Bf4 Bd6 16. Bxd6 Rxd6 17. Ne3 Rfd8 18. b4 Nd4 19. Rac1 Ng4 20. Nxd4 Rxd4 21.
Nd5 Qd7 22. Qxd7 Rxd7 23. Red1 Rxd1+ 24. Rxd1 Ne5 25. Bf1 Nf3+ 26. Kh1 Nd4 27.
Ne3 Nf5 28. Nd5 Nd4 29. bxc5 bxc5 30. Bg2 Rd6 31. Rd3 Kf8 32. h4 Rd7 33. Ne3
Ke7 34. Bd5 Rd6 35. Kg2 Rb6 36. Bxe6 Kxe6 37. Nd5 Rb3 38. Rd1 Rxa3 39. Re1+ Kd6
40. Re7 Ne6 41. Rxf7 a5 42. Ra7 Nd4 43. Ra6+ Ke5 44. h5 Ra1 45. Nf4 Nb3 46. Ne2
Ra4 47. f4+ Kf5 48. Kh3 Rxc4 49. Rg6 Rc2 50. Ng1 a4 51. Ra6 Ra2 52. Nf3 Ke4 53.
Ne5 Nd4 54. Ra5 Nb3 55. Ra7 Kd4 56. Rd7+ Kc3 57. Rxg7 a3 58. Rg6 Rb2 59. Rxh6
a2 60. Ra6 a1=Q 61. Rxa1 Nxa1 62. h6 Rb7 63. g4 Kd4 64. g5 Nc2 65. g6 Ne3 66.
h7 Rb1 67. Nf3+ Ke4 68. h8=Q Rh1+ 69. Nh2 Kxf4 70. Qf6+ Nf5 71. Qc3 Rb1 1-0

[Event "Albena BUL, Team Ch 2011 GrA Women"]
[Site "Albena BUL"]
[Date "2011.06.07"]
[Round "6.1"]
[White "Kantardzhieva, Toni"]
[Black "Savova, Stefka"]
[Result "0-1"]
[WhiteElo "1939"]
[BlackElo "2091"]
[PlyCount "172"]
[EventDate "2011.06.02"]
[EventType "team"]
[EventRounds "7"]
[EventCountry "BUL"]

1. d4 Nf6 2. Nf3 d5 3. e3 c5 4. b3 Nc6 5. Be2 Bf5 6. O-O e6 7. Bb2 h6 8. Ne5
Bd6 9. Nd2 O-O 10. a3 Rc8 11. c4 Ne4 12. f3 Nxd2 13. Qxd2 Bxe5 14. dxe5 dxc4
15. Qxd8 Rfxd8 16. Bxc4 Bd3 17. Rfe1 Bxc4 18. bxc4 Rd3 19. Re2 Rcd8 20. Kf2 Na5
21. Rc1 b6 22. f4 R8d7 23. Rcc2 Kf8 24. e4 Ke8 25. g3 Kd8 26. f5 Kc7 27. Kg2
Kc6 28. Kh3 Rf3 29. Kg4 Rdd3 30. Bc1 Nb3 31. Bb2 Rf1 32. fxe6 fxe6 33. Rf2 Rxf2
34. Rxf2 Nd2 35. Kh5 Nxc4 36. Kg6 Rd7 37. Bc3 Rd3 38. Ba1 Rxa3 39. Rf1 Ra2 40.
Rh1 Rg2 41. Kxg7 h5 42. Kf6 Kd7 43. Kg5 Nd2 44. Kxh5 Nxe4 45. Kg4 Ra2 46. Kf4
Nf2 47. Rf1 Nh3+ 48. Kg4 Rxh2 49. Rf7+ Kc6 50. Rxa7 Nf2+ 51. Kg5 Ne4+ 52. Kf4
Nf2 53. g4 Rh1 54. g5 Rg1 55. Bc3 Nh3+ 56. Kf3 Nxg5+ 57. Ke2 Ne4 58. Ba1 Rg6
59. Ke3 Ng3 60. Ra8 Nf5+ 61. Kf4 Ne7 62. Ke4 Nd5 63. Rc8+ Kb5 64. Rb8 Kc4 65.
Bb2 Rg2 66. Ba1 b5 67. Re8 Rg6 68. Kf3 b4 69. Bb2 Nc3 70. Rf8 Nd5 71. Rc8 Rg7
72. Rc6 Rf7+ 73. Ke2 Rh7 74. Bc1 Re7 75. Rc8 Nc3+ 76. Ke1 Kd5 77. Be3 Ne4 78.
Ke2 Ra7 79. Kf3 Rf7+ 80. Ke2 Kxe5 81. Bxc5 Nxc5 82. Rxc5+ Kd4 83. Rb5 Kc3 84.
Rb6 Rf6 85. Rc6+ Kb2 86. Kd3 b3 0-1

[Event "Albena BUL, Team Ch 2011 GrA Women"]
[Site "Albena BUL"]
[Date "2011.06.07"]
[Round "6.2"]
[White "Raeva, Elitsa"]
[Black "Baninska, Tanja"]
[Result "1/2-1/2"]
[WhiteElo "2322"]
[BlackElo "2096"]
[PlyCount "68"]
[EventDate "2011.06.02"]
[EventType "team"]
[EventRounds "7"]
[EventCountry "BUL"]

1. d4 d5 2. c4 e6 3. Nc3 Nf6 4. Nf3 Be7 5. Bf4 O-O 6. e3 c5 7. Bd3 Nc6 8. O-O
Nb4 9. cxd5 Nxd3 10. Qxd3 Nxd5 11. Bg3 b6 12. Rfd1 Bb7 13. dxc5 Bxc5 14. Ne4
Be7 15. Qb3 Rc8 16. Nc3 Qe8 17. Nb5 f5 18. Nxa7 Rc5 19. Nd4 Ra5 20. Nab5 Qg6
21. Nc7 f4 22. exf4 Nxc7 23. f5 Raxf5 24. Qxb6 Bxg2 25. Nxf5 Qxf5 26. Kxg2 Nd5
27. Qc6 Bc5 28. Rd2 Be3 29. Rxd5 Qf3+ 30. Kf1 exd5 31. Qe6+ Kh8 32. Qe7 Bxf2
33. Qxf8+ Qxf8 34. Bxf2 h5 1/2-1/2

[Event "Albena BUL, Team Ch 2011 GrA Women"]
[Site "Albena BUL"]
[Date "2011.06.07"]
[Round "6.2"]
[White "Georgieva, Emilia"]
[Black "Djingarova, Emilia"]
[Result "0-1"]
[WhiteElo "1966"]
[BlackElo "2348"]
[PlyCount "112"]
[EventDate "2011.06.02"]
[EventType "team"]
[EventRounds "7"]
[EventCountry "BUL"]

1. d4 Nf6 2. Nf3 e6 3. Bg5 h6 4. Bxf6 Qxf6 5. e3 d6 6. c3 g6 7. Nbd2 Bg7 8. Bd3
Nd7 9. Qc2 Qe7 10. O-O-O b6 11. Qa4 Bb7 12. Kb1 a6 13. h4 b5 14. Qc2 c5 15. Rh3
c4 16. Be2 Nf6 17. e4 e5 18. d5 Bc8 19. Rhh1 Bg4 20. Rde1 O-O 21. Ng1 Bxe2 22.
Nxe2 Rfc8 23. f3 a5 24. g4 Nd7 25. f4 exf4 26. Nxf4 Ne5 27. g5 hxg5 28. hxg5
Qxg5 29. Nh3 Qg3 30. Ref1 Qd3 31. Qxd3 Nxd3 32. Ng5 Ra7 33. Kc2 b4 34. Nxc4
Ne1+ 35. Rxe1 Rxc4 36. Rh3 Rac7 37. Rhe3 bxc3 38. bxc3 a4 39. a3 Rb7 40. Nf3
Rc5 41. Nd2 Be5 42. Rh1 Rbc7 43. Nb1 Kg7 44. Rf1 Rc4 45. Rff3 g5 46. Rf5 f6 47.
Rf1 Kg6 48. Rh1 g4 49. Rg1 Kg5 50. Rg2 g3 51. Kd1 Kg4 52. Ke2 Bf4 53. Kd3 Bxe3
54. Kxe3 Re7 55. Kd3 Rcxe4 56. Nd2 Re3+ 0-1

[Event "Albena BUL, Team Ch 2011 GrA Women"]
[Site "Albena BUL"]
[Date "2011.06.07"]
[Round "6.3"]
[White "Videnova, Iva"]
[Black "Voiska, Margarita"]
[Result "1-0"]
[WhiteElo "2345"]
[BlackElo "2300"]
[PlyCount "121"]
[EventDate "2011.06.02"]
[EventType "team"]
[EventRounds "7"]
[EventCountry "BUL"]

1. e4 d6 2. d4 Nf6 3. Nc3 e5 4. Nf3 Nbd7 5. Bc4 Be7 6. O-O O-O 7. Re1 a6 8. a4
b6 9. d5 Bb7 10. b3 c6 11. dxc6 Bxc6 12. Nd5 Nxd5 13. Bxd5 Qc7 14. c4 Nc5 15.
b4 Nd7 16. Be3 Nf6 17. Qd3 Nxd5 18. cxd5 Bd7 19. Nd2 Rfc8 20. f3 Qc2 21. Qf1
Qc3 22. Qf2 b5 23. a5 Qxb4 24. Nf1 Qb3 25. Reb1 Qc2 26. Bd2 Qc7 27. Rc1 Qd8 28.
Bb4 Rc4 29. Rxc4 bxc4 30. Ne3 Qb8 31. Qe1 Qa7 32. Kh1 Rc8 33. h3 g6 34. Rc1 Bb5
35. Rc3 Qb8 36. Kh2 h5 37. h4 Bf8 38. Qc1 Bh6 39. Qa3 Bxe3 40. Rxe3 Rd8 41. Re1
Qc7 42. Qe3 Qe7 43. g3 Rb8 44. Qa3 Rd8 45. Kg2 Qd7 46. Qe3 Rb8 47. f4 Ba4 48.
Bc3 Rb3 49. fxe5 dxe5 50. Qd2 Qg4 51. Bxe5 Bd7 52. Qf2 f6 53. Qxf6 Qh3+ 54. Kg1
Rxg3+ 55. Bxg3 Qxg3+ 56. Kf1 Bh3+ 57. Ke2 Bg4+ 58. Kd2 Qd3+ 59. Kc1 Qa3+ 60.
Qb2 Qc5 61. Qc3 1-0

[Event "Albena BUL, Team Ch 2011 GrA Women"]
[Site "Albena BUL"]
[Date "2011.06.07"]
[Round "6.3"]
[White "Chilingirova, Pavlina"]
[Black "Nikolova, Adriana"]
[Result "1-0"]
[WhiteElo "2126"]
[BlackElo "2333"]
[PlyCount "71"]
[EventDate "2011.06.02"]
[EventType "team"]
[EventRounds "7"]
[EventCountry "BUL"]

1. c4 e5 2. Nc3 Nc6 3. g3 g6 4. Bg2 Bg7 5. Rb1 d6 6. b4 h5 7. h3 Nh6 8. e3 Bf5
9. d3 Qd7 10. Nge2 Be6 11. b5 Nd8 12. a4 f5 13. h4 O-O 14. Bb2 c6 15. a5 Kh8
16. a6 cxb5 17. Nxb5 Rb8 18. Ba3 Ndf7 19. axb7 a6 20. Nbc3 f4 21. Qa4 Qd8 22.
Nd5 fxg3 23. fxg3 Ng4 24. Nec3 e4 25. Bxe4 Nxe3 26. Nxe3 Bxc3+ 27. Ke2 Ne5 28.
Rhf1 Qe7 29. Rxf8+ Qxf8 30. Rf1 Qe7 31. Qxa6 Bh3 32. Rf4 Nf7 33. Qa8 Qe8 34.
Rxf7 Qxf7 35. Qxb8+ Kg7 36. Qxd6 1-0

[Event "Albena BUL, Team Ch 2011 GrA Women"]
[Site "Albena BUL"]
[Date "2011.06.07"]
[Round "6.3"]
[White "Sirkova, Darena"]
[Black "Yordanova, Svetla"]
[Result "1-0"]
[WhiteElo "2054"]
[BlackElo "2137"]
[PlyCount "129"]
[EventDate "2011.06.02"]
[EventType "team"]
[EventRounds "7"]
[EventCountry "BUL"]

1. e4 e6 2. d3 d5 3. Nd2 c5 4. Ngf3 Nc6 5. g3 g6 6. Bg2 Bg7 7. O-O Nge7 8. Re1
h6 9. h4 b6 10. c3 a5 11. e5 Qc7 12. Qe2 O-O 13. Nf1 Bb7 14. Bf4 Rfd8 15. a4
Ba6 16. N1h2 Nf5 17. Qd2 Ra7 18. Ng4 h5 19. Ngh2 b5 20. axb5 Bxb5 21. g4 hxg4
22. Nxg4 Nce7 23. Ng5 Be8 24. Nf6+ Kh8 25. h5 Qb6 26. Nxe8 Rxe8 27. Nxf7+ Kg8
28. Ng5 Rb8 29. Rab1 gxh5 30. Bf3 Nh4 31. Bxh5 Nef5 32. Kf1 d4 33. c4 a4 34.
Ke2 Qc6 35. Rg1 Rab7 36. Qc2 Re7 37. Ne4 Kf8 38. Ra1 Reb7 39. Rab1 Rb3 40. Nd2
R3b4 41. b3 axb3 42. Nxb3 Qc7 43. Kf1 Qb7 44. Bd1 Nf3 45. Rg2 N3h4 46. Rh2 Qc7
47. Qe2 Qf7 48. Ra1 Qe7 49. Qd2 Qc7 50. Na5 Bxe5 51. Bh6+ Nxh6 52. Qxh6+ Kg8
53. Rxh4 Bg7 54. Qxe6+ Qf7 55. Qxf7+ Kxf7 56. Rh5 Rb1 57. Rxb1 Rxb1 58. Ke2 Bf8
59. Nb3 Rb2+ 60. Ke1 Kg6 61. Nxc5 Rb1 62. Rd5 Kf7 63. Ke2 Rb2+ 64. Kf3 Rd2 65.
Be2 1-0

[Event "Albena BUL, Team Ch 2011 GrA Women"]
[Site "Albena BUL"]
[Date "2011.06.07"]
[Round "6.4"]
[White "Tsvetkova, Svetlana"]
[Black "Draganova, Petranka"]
[Result "0-1"]
[WhiteElo "1860"]
[BlackElo "2007"]
[PlyCount "112"]
[EventDate "2011.06.02"]
[EventType "team"]
[EventRounds "7"]
[EventCountry "BUL"]

1. e4 c6 2. d4 Na6 3. Nf3 g6 4. Be2 Bg7 5. c3 Nc7 6. O-O d6 7. h3 Nf6 8. Qc2
O-O 9. Nbd2 b5 10. a4 Bb7 11. Re1 a6 12. axb5 axb5 13. Rxa8 Qxa8 14. e5 Nfd5
15. exd6 exd6 16. Ne4 Rd8 17. Bg5 Rd7 18. Bd2 Ne6 19. Qc1 Nf6 20. Nxf6+ Bxf6
21. Be3 Rd8 22. Rd1 Qa4 23. Re1 Ra8 24. Bd1 Qa2 25. Bc2 c5 26. dxc5 Bxf3 27.
gxf3 dxc5 28. Be4 Rd8 29. Bb1 Qd5 30. Be4 Qh5 31. Kg2 Qe5 32. Bc6 Qb8 33. b3
Qb6 34. Be4 Qd6 35. c4 b4 36. Bd5 Nd4 37. Qb1 Rd7 38. Qa2 Kg7 39. Rb1 Nf5 40.
Rd1 Nh4+ 41. Kg1 Qe7 42. Qd2 Nxf3+ 43. Bxf3 Rxd2 44. Rxd2 Bd4 45. Bxd4+ cxd4
46. Rxd4 Qf6 47. Rd3 Qf5 48. Re3 Qxh3 49. c5 Qf5 50. c6 Qc5 51. Bg2 h5 52. Re4
Qxc6 53. Rxb4 Qc1+ 54. Kh2 g5 55. Rc4 Qd2 56. b4 Qxf2 0-1

[Event "Albena BUL, Team Ch 2011 GrA Women"]
[Site "Albena BUL"]
[Date "2011.06.07"]
[Round "6.4"]
[White "Shtereva, Slaveja"]
[Black "Krumova, Ani"]
[Result "1/2-1/2"]
[WhiteElo "2095"]
[BlackElo "1961"]
[PlyCount "152"]
[EventDate "2011.06.02"]
[EventType "team"]
[EventRounds "7"]
[EventCountry "BUL"]

1. c4 e5 2. Nc3 Nc6 3. g3 d6 4. Bg2 Be6 5. d3 Qd7 6. Rb1 g6 7. b4 Bg7 8. b5 Nd8
9. h4 h6 10. Bd2 Ne7 11. Qc1 c6 12. Ne4 f5 13. Nc3 Nf7 14. e4 O-O 15. h5 g5 16.
exf5 Nxf5 17. Ne4 Rac8 18. Nf3 cxb5 19. Nfxg5 Nxg5 20. Bxg5 hxg5 21. Qxg5 Nh6
22. Rxb5 b6 23. Qg6 Qf7 24. Rb2 Nf5 25. Qxf7+ Bxf7 26. g4 Nh6 27. Nxd6 Rcd8 28.
Nxf7 Nxf7 29. Bd5 Kh7 30. Be4+ Kh6 31. Ke2 Ng5 32. Bf5 e4 33. Rb3 exd3+ 34.
Rxd3 Rfe8+ 35. Kf1 Rxd3 36. Bxd3 Ne6 37. Rh3 Nf4 38. Rf3 Kg5 39. Bf5 Rd8 40.
Ke1 Bf8 41. Rb3 Bc5 42. f3 Re8+ 43. Kd1 Re2 44. a4 Be3 45. Be4 Rd2+ 46. Kc1
Rd3+ 47. Kc2 Rxb3 48. Kxb3 Ne6 49. Kb4 Bc5+ 50. Kb5 a5 51. Kc6 Be3 52. Bd5 Nf8
53. Kd6 Kf6 54. Bc6 Ne6 55. Kd5 Nc5 56. Kd6 Nd3 57. Kc7 Ke5 58. h6 Nf4 59. Be4
Kf6 60. h7 Kg7 61. Kd6 Bd4 62. g5 Ng6 63. Kd5 Bc3 64. Kc6 Bd4 65. Kd5 Bc3 66.
Kc6 Bd4 67. Bxg6 Kxg6 68. h8=Q Bxh8 69. Kxb6 Kxg5 70. Kxa5 Kf6 71. Kb6 Ke7 72.
a5 Kd7 73. Kb7 Bd4 74. a6 Kd6 75. a7 Bxa7 76. Kxa7 Kc5 1/2-1/2

[Event "Albena BUL, Team Ch 2011 GrA Women"]
[Site "Albena BUL"]
[Date "2011.06.07"]
[Round "6.4"]
[White "Todorova, Kalina"]
[Black "Andreeva, Veronika"]
[Result "1-0"]
[WhiteElo "1815"]
[BlackElo "1891"]
[PlyCount "87"]
[EventDate "2011.06.02"]
[EventType "team"]
[EventRounds "7"]
[EventCountry "BUL"]

1. e4 c6 2. d4 d5 3. f3 Nf6 4. Nc3 g6 5. Be3 Bg7 6. e5 Nfd7 7. Bd3 O-O 8. f4 b6
9. Nf3 Ba6 10. f5 Bxd3 11. Qxd3 a5 12. h4 Na6 13. h5 Nb4 14. Qd2 c5 15. hxg6
fxg6 16. Bh6 Nxc2+ 17. Qxc2 Rxf5 18. Bxg7 Kxg7 19. Qd2 Nf8 20. O-O-O e6 21. Ne2
cxd4 22. Nexd4 Rc8+ 23. Kb1 Rh5 24. Rxh5 gxh5 25. Qg5+ Qxg5 26. Nxg5 Re8 27.
Rc1 h6 28. Rc7+ Kg6 29. Ngf3 Rd8 30. Nh4+ Kg5 31. g3 Rd7 32. Rc8 Kg4 33. Rxf8
Kxg3 34. Ng6 Rg7 35. Nf4 Rg5 36. Nd3 h4 37. Rf3+ Kh2 38. Nxe6 Rg1+ 39. Kc2 Rg2+
40. Kc3 Rg4 41. Nef4 Kg1 42. e6 Rg8 43. e7 Re8 44. Re3 1-0

[Event "Albena BUL, Team Ch 2011 GrA Women"]
[Site "Albena BUL"]
[Date "2011.06.08"]
[Round "7.1"]
[White "Draganova, Petranka"]
[Black "Georgieva, Marina"]
[Result "1/2-1/2"]
[WhiteElo "2007"]
[BlackElo "1741"]
[PlyCount "75"]
[EventDate "2011.06.02"]
[EventType "team"]
[EventRounds "7"]
[EventCountry "BUL"]

1. e4 e6 2. d4 d5 3. e5 c5 4. c3 Nc6 5. a3 Qb6 6. Nf3 cxd4 7. cxd4 Nge7 8. b4
a6 9. Bd3 Bd7 10. Be3 Ng6 11. O-O Be7 12. Nc3 O-O 13. Na4 Qd8 14. Nc5 Bxc5 15.
bxc5 Nce7 16. Rb1 Bc6 17. h4 Re8 18. h5 Nf8 19. h6 g6 20. Bg5 Nd7 21. Nh2 Qc7
22. Qf3 Nf5 23. Bxf5 exf5 24. g4 fxg4 25. Nxg4 Re6 26. Qb3 Rb8 27. Ne3 b6 28.
Nxd5 Bxd5 29. Qxd5 bxc5 30. Rxb8+ Nxb8 31. Rb1 cxd4 32. Rb7 Qc8 33. Rb3 Nd7 34.
Bf4 Nf8 35. Qxd4 Rc6 36. Qd2 Rc2 37. Qd1 Ne6 38. Rd3 1/2-1/2

[Event "Albena BUL, Team Ch 2011 GrA Women"]
[Site "Albena BUL"]
[Date "2011.06.08"]
[Round "7.1"]
[White "Krumova, Ani"]
[Black "Tsekova, Viktoria"]
[Result "1/2-1/2"]
[WhiteElo "1961"]
[BlackElo "1845"]
[PlyCount "71"]
[EventDate "2011.06.02"]
[EventType "team"]
[EventRounds "7"]
[EventCountry "BUL"]

1. d4 d5 2. Nf3 Nf6 3. e3 e6 4. Bd3 Be7 5. O-O Nbd7 6. Nbd2 O-O 7. c3 c5 8. Qe2
b6 9. e4 dxe4 10. Nxe4 Bb7 11. dxc5 Nxc5 12. Nxc5 Bxc5 13. Bg5 h6 14. Bh4 Be7
15. Rad1 Qc7 16. Bc2 Rad8 17. Rxd8 Rxd8 18. Rd1 Rxd1+ 19. Qxd1 Qd8 20. Bxf6
Qxd1+ 21. Bxd1 Bxf6 22. Kf1 Bxf3 23. Bxf3 Kf8 24. Ke2 Ke7 25. Kd3 Be5 26. h3
Bc7 27. Kc4 Kd6 28. Kb5 a5 29. a3 f5 30. b4 axb4 31. axb4 e5 32. c4 e4 33. Be2
f4 34. c5+ bxc5 35. bxc5+ Kd5 36. c6 1/2-1/2

[Event "Albena BUL, Team Ch 2011 GrA Women"]
[Site "Albena BUL"]
[Date "2011.06.08"]
[Round "7.1"]
[White "Kantardzhieva, Toni"]
[Black "Todorova, Kalina"]
[Result "1/2-1/2"]
[WhiteElo "1939"]
[BlackElo "1815"]
[PlyCount "62"]
[EventDate "2011.06.02"]
[EventType "team"]
[EventRounds "7"]
[EventCountry "BUL"]

1. d4 Nf6 2. Nf3 e6 3. e3 b6 4. Be2 Bb7 5. b3 d6 6. O-O Be7 7. Bb2 O-O 8. Nbd2
Nbd7 9. c4 c5 10. Rc1 Rc8 11. Bd3 d5 12. cxd5 Nxd5 13. Bb1 cxd4 14. Bxd4 Bf6
15. Nc4 Nc5 16. Re1 Qe7 17. h3 Bxd4 18. Nxd4 Rfd8 19. Qe2 Nf6 20. Red1 Be4 21.
Bxe4 Nfxe4 22. f3 Nf6 23. Ne5 Qb7 24. Nb5 Ne8 25. Rxd8 Rxd8 26. Rd1 Rxd1+ 27.
Qxd1 Qd5 28. Qxd5 exd5 29. Nxa7 Nd6 30. Nac6 f6 31. Ng4 Kf7 1/2-1/2